<?xml version="1.0" encoding="UTF-8"?>
<marc:record xmlns:marc="http://www.loc.gov/MARC21/slim">
   <marc:leader>00000nam a2200000 a 4500</marc:leader>
   <marc:datafield ind1="1" ind2=" " tag="100">
      <marc:subfield code="a">Doralt, Werner</marc:subfield>
      <marc:subfield code="4">edt</marc:subfield>
      <marc:subfield code="e">Bearbeiter/-in</marc:subfield>
   </marc:datafield>
   <marc:datafield ind1="1" ind2=" " tag="100">
      <marc:subfield code="a">Ramharter, Martin</marc:subfield>
      <marc:subfield code="4">ctb</marc:subfield>
      <marc:subfield code="e">Mitwirkende/-r</marc:subfield>
   </marc:datafield>
   <marc:datafield ind1=" " ind2=" " tag="653">
      <marc:subfield code="a">KODEX</marc:subfield>
   </marc:datafield>
   <marc:datafield ind1=" " ind2=" " tag="653">
      <marc:subfield code="a">EU-Recht</marc:subfield>
   </marc:datafield>
   <marc:datafield ind1=" " ind2=" " tag="653">
      <marc:subfield code="a">PRIIP</marc:subfield>
   </marc:datafield>
   <marc:datafield ind1=" " ind2=" " tag="653">
      <marc:subfield code="a">Solvancy II</marc:subfield>
   </marc:datafield>
   <marc:datafield ind1=" " ind2=" " tag="653">
      <marc:subfield code="a">Solvabilität II</marc:subfield>
   </marc:datafield>
   <marc:datafield ind1=" " ind2=" " tag="653">
      <marc:subfield code="a">Versicherungsrecht</marc:subfield>
   </marc:datafield>
   <marc:datafield ind1=" " ind2=" " tag="653">
      <marc:subfield code="a">EU-Versicherungsrecht</marc:subfield>
   </marc:datafield>
   <marc:datafield ind1=" " ind2=" " tag="653">
      <marc:subfield code="a">Kodex</marc:subfield>
   </marc:datafield>
   <marc:datafield ind1=" " ind2=" " tag="653">
      <marc:subfield code="a">66: Versicherungsrecht</marc:subfield>
   </marc:datafield>
   <marc:datafield ind1=" " ind2=" " tag="653">
      <marc:subfield code="a">23: Internationales Recht und Europarecht</marc:subfield>
   </marc:datafield>
   <marc:datafield ind1=" " ind2=" " tag="653">
      <marc:subfield code="a">Law</marc:subfield>
   </marc:datafield>
   <marc:datafield ind1=" " ind2=" " tag="653">
      <marc:subfield code="a">Softcover / Recht/Internationales Recht</marc:subfield>
   </marc:datafield>
   <marc:datafield ind1=" " ind2=" " tag="653">
      <marc:subfield code="a">Ausländisches Recht</marc:subfield>
   </marc:datafield>
   <marc:datafield ind1="0" ind2="0" tag="245">
      <marc:subfield code="a">Kodex des österreichischen Rechts - Versicherungsrecht II 2023</marc:subfield>
   </marc:datafield>
   <marc:datafield ind1=" " ind2="1" tag="264">
      <marc:subfield code="a">Wien</marc:subfield>
      <marc:subfield code="b">LexisNexis</marc:subfield>
      <marc:subfield code="c">2023</marc:subfield>
   </marc:datafield>
   <marc:datafield ind1="1" ind2=" " tag="490">
      <marc:subfield code="a">Kodex</marc:subfield>
   </marc:datafield>
   <marc:datafield ind1=" " ind2=" " tag="250">
      <marc:subfield code="a">25. Auflage, Stand 1. 2. 2023</marc:subfield>
   </marc:datafield>
   <marc:datafield ind1="1" ind2=" " tag="520">
      <marc:subfield code="a">Angaben aus der Verlagsmeldung

KODEX Versicherungsrecht Band II 2023 - inkl. App : Band II

Der Kodex Versicherungsrecht II 2023, 25. Auflage, Stand 1.2.2023, enthält:

Band II
Überarbeitungen von EIOPA-Leitlinien:

Vertragsgrenzen

Versicherungstechnische Rückstellungen

Rechtsträgerkennung (LEI)

Änderungen beim PRIIP-KID

Novelle der Motor Insurance Directive (MID)

Sustainable Finance:

SFDR-RTS

Climate-DA (Auszug)

Article 8-DA (Auszug)

Der KODEX Versicherungsrecht II/EU-Versicherungsrecht enthält alle relevanten Normen zu den Themen:

Solvency II - Rahmenrichtlinie

L2-Verordnung

Durchführungsverordnungen (EU) („Implementing Technical Standards - ITS“)

Internationale Abkommen und Gleichwertigkeit

Versicherungsvertrieb

Basisinformationsblätter für Versicherungsanlageprodukte - PRIIP

Rechnungslegung

Abschlussprüfung

Pensionskassenrecht

Verhinderung der Geldwäscherei und Terrorismusfinanzierung

Kraftfahrzeug-Haftpflichtversicherungsrecht

Kartellrecht

Nachhaltigkeit (Sustainability)

COVID-19 sowie

L2-Rechtsakte und relevante EIOPA-Leitlinien („EIOPA-Guidelines“) und Empfehlungen

Mit dem Kauf dieses Bandes erhalten Sie Zugriff auf diesen in der KODEX-App. Darin stehen Ihnen die Inhalte des KODEX in digitaler Form zur Verfügung, welche Sie sowohl auf Ihrem PC, als auch unterwegs auf Ihrem Smartphone oder Tablet nutzen können.
Nähere Informationen zur App finden Sie unter www.kodex.at

</marc:subfield>
   </marc:datafield>
   <marc:datafield ind1=" " ind2=" " tag="020">
      <marc:subfield code="a">9783700781462</marc:subfield>
      <marc:subfield code="9">9783700781462</marc:subfield>
   </marc:datafield>
   <marc:datafield ind1=" " ind2=" " tag="020">
      <marc:subfield code="a">3700781466</marc:subfield>
      <marc:subfield code="9">3700781466</marc:subfield>
   </marc:datafield>
   <marc:datafield ind1=" " ind2=" " tag="041">
      <marc:subfield code="a">ger</marc:subfield>
   </marc:datafield>
   <marc:datafield ind1=" " ind2=" " tag="300">
      <marc:subfield code="a">1728 Seiten</marc:subfield>
   </marc:datafield>
</marc:record>
